000 00548nam a2200181Ia 4500
999 _c36164
_d36164
003 OSt
005 20201211122326.0
008 190216s9999||||xx |||||||||||||| ||und||
020 _a8170412064
040 _coclc
082 _a379.12140954
_bVOH/H
100 _a Vohra, Amrit Lal
_97396
245 0 _aHandbook Of Ugc Schemes /
_cAmrit Lal Vohra
260 _bAnmol Publications,
_c1993.
_aNew Delhi:
300 _a555p
650 _aHand Book Of Ugc Schemes
942 _cREF
_2ddc
_h379.12140954
_iVOH/H
_k379.12140954
_mVOH/H